| 000 | 01107nam a22002055i 4500 | ||
|---|---|---|---|
| 001 | 154469 | ||
| 003 | ES-MaACL | ||
| 005 | 20250815062610.0 | ||
| 008 | 010206s1851 sp |||| | spa d | ||
| 040 |
_aCCPB | B _bspa _cCCPB | B |
||
| 100 | 1 |
_aGómez Ranera, Alejandro. _9127702 |
|
| 245 | 1 | 0 |
_aManual de historia universal ó Resumen histórico de los principales estados de Europa, Asia, África, Ámerica y Oceanía _b: obra extractada de los historiadores más célebres nacionales y extranjeros / _cpor Alejandro Gómez Ranera. |
| 250 | _a2ª ed. aum. con un epítome de la Historia Sagrada, y los sucesos más notables ocurridos en Europa hasta fin de septiembre de 1850. | ||
| 260 |
_aMadrid : _blibrerías de Hurtado y Sanchez y de Hernando, _c1851 ( _fimprenta de Alejandro Fuentenebro) |
||
| 300 |
_a350 p. ; _c20 cm. |
||
| 650 | 7 |
_aHistoria universal _2embne _913429 |
|
| 740 | 0 | _aResumen histórico de los principales estados de Europa, Asia, África, Ámerica y Oceanía. | |
| 852 |
_aES-MaACL _jG-1046 _z-- Enc. hol. _x-- Edic.: este ejemp. tiene [1] h. de map. |
||
| 999 |
_c154469 _d154469 |
||